| Tag |
First Indicator |
Second Indicator |
Subfields |
| LEADER |
00000cam a2200000 a 4500 |
| 001 |
in00000016839 |
| 005 |
20151222091516.0 |
| 008 |
861217s1987 enk b 00110 eng |
| 010 |
|
|
|a 86030175
|
| 020 |
|
|
|a 0422610305
|
| 035 |
|
|
|a (OCoLC)15054253
|
| 035 |
|
|
|9 AAB1171AM
|
| 040 |
|
|
|a DLC
|c DLC
|d TXA
|d UtOrBLW
|
| 049 |
|
|
|a TXAM
|c [A11084420]
|
| 050 |
0 |
0 |
|a RC489.P73
|b M34 1987
|
| 082 |
0 |
|
|a 616.89/17
|2 19
|
| 100 |
1 |
|
|a Mahony, Patrick,
|d 1932-
|
| 245 |
1 |
0 |
|a Psychoanalysis and discourse /
|c Patrick J. Mahony.
|
| 264 |
|
1 |
|a London ;
|a New York :
|b Tavistock Publications,
|c [1987]
|
| 264 |
|
4 |
|c ©1987
|
| 300 |
|
|
|a ix, 259 pages ;
|c 24 cm.
|
| 336 |
|
|
|a text
|b txt
|2 rdacontent
|
| 337 |
|
|
|a unmediated
|b n
|2 rdamedia
|
| 338 |
|
|
|a volume
|b nc
|2 rdacarrier
|
| 490 |
1 |
|
|a New library of psychoanalysis ;
|v 2
|
| 504 |
|
|
|a Bibliography: pages 252-254.
|
| 500 |
|
|
|a Includes index.
|
| 650 |
|
0 |
|a Psychotherapy patients
|x Language.
|
| 650 |
|
0 |
|a Psychoanalysis.
|
| 650 |
|
0 |
|a Psychoanalysis and literature.
|
| 830 |
|
0 |
|a New library of psychoanalysis ;
|v 2.
|
| 999 |
|
|
|a MARS
|
| 999 |
f |
f |
|s 81e85e5d-6844-37f5-ac0d-335a1132f020
|i 76ec4e7f-f964-31c8-b305-24e1f139b4d4
|t 0
|
| 952 |
f |
f |
|p ric
|a Texas A&M University
|b Rellis Campus
|c Joint Library Facility
|d Remote Storage
|t 0
|e RC489.P73 M34 1987
|h Library of Congress classification
|i unmediated -- volume
|m A14811084420
|
| 998 |
f |
f |
|a RC489.P73 M34 1987
|t 0
|l Remote Storage
|